[Event "Altensteig"]
[Site "Altensteig"]
[Date "1991.??.??"]
[Round "7"]
[White "Boensch, Uwe"]
[Black "Van der Sterren, Paul"]
[Result "1/2-1/2"]
[WhiteElo "2560"]
[BlackElo "2485"]
[PlyCount "142"]
[EventDate "1991.07.??"]
[Source "ChessBase"]

1. d4 d5 2. c4 e6 3. Nc3 Nf6 4. Bg5 Be7 5. e3 O-O 6. Rc1 h6 7. Bh4 c5 8. dxc5 dxc4 9. Qc2 Nd5 10. Bxe7 Qxe7 11. Qe4 Qxc5 12. Bxc4 Nf6 13. Qh4 Nc6 14. Nf3 Bd7 15. O-O Ne5 16. Be2 Nxf3+ 17. Bxf3 Qb6 18. b3 Rac8 19. Na4 Qd6 20. Bxb7 Rxc1 21. Rxc1 Qd2 22. Ra1 Rd8 23. h3 Bb5 24. Bf3 Rc8 25. Rd1 Qxa2 26. Qb4 Be2 27. Nc3 Qc2 28. Bxe2 Qxc3 29. Qxc3 Rxc3 30. Bc4 Nd5 31. Bxd5 exd5 32. Rxd5 Rxb3 33. Rd8+ Kh7 34. Rd7 Kg8 35. Rxa7 h5 36. g3 g6 37. Kg2 Kg7 38. h4 Kf6 39. Kf3 Rb2 40. e4 Rc2 41. Ke3 Rb2 42. Rd7 Ra2 43. Rd2 Ra3+ 44. Kf4 Ra4 45. Rb2 Ke6 46. Rb6+ Ke7 47. Rb3 Ra2 48. Ke3 Ke6 49. f4 Kf6 50. Rb6+ Kg7 51. Rd6 Ra3+ 52. Rd3 Ra4 53. e5 Kf8 54. Rb3 Kg7 55. Kf3 Rc4 56. Rb7 Rc3+ 57. Ke4 Kg8 58. f5 gxf5+ 59. Kf4 Ra3 60. Rb6 Kg7 61. Rf6 Ra4+ 62. Kf3 Ra3+ 63. Kf4 Ra4+ 64. Kg5 Rg4+ 65. Kxh5 Rxg3 66. Rxf5 Re3 67. Rg5+ Kh7 68. Kg4 Re4+ 69. Kf5 Rxh4 70. Kf6 Rf4+ 71. Ke7 Rf1 1/2-1/2

[Event "URS Ch sf Army"]
[Site "Soviet Union"]
[Date "1972.??.??"]
[Round "?"]
[White "Tukmakov, Vladimir B"]
[Black "Klovans, Janis"]
[Result "1-0"]
[WhiteElo "2560"]
[BlackElo "2475"]
[PlyCount "61"]
[EventDate "1972.??.??"]
[Source "www.chesslib.no"]
[SourceDate "2004.05.04"]

1. d4 d5 2. c4 e6 3. Nc3 Nf6 4. Bg5 Be7 5. e3 O-O 6. Rc1 h6 7. Bh4 b6 8. cxd5 Nxd5 9. Bxe7 Qxe7 10. Nxd5 exd5 11. Ne2 Bb7 12. Nf4 c6 13. g3 Nd7 14. Bg2 Nf6 15. O-O Rac8 16. Qa4 a5 17. Qb3 Qb4 18. Qc2 Ba6 19. Rfd1 c5 20. dxc5 Rxc5 21. Qb1 Rd8 22. Rd4 Rc4 23. Rcxc4 Bxc4 24. b3 a4 25. Nxd5 Nxd5 26. Bxd5 axb3 27. Rxc4 bxa2 28. Qxb4 a1=Q+ 29. Kg2 Rxd5 30. Rc8+ Kh7 31. Qe4+ 1-0

[Event "Bern Open"]
[Site "Bern SUI"]
[Date "1993.??.??"]
[Round "8"]
[White "Vyzmanavin, Alexey B"]
[Black "Polak, Tomas"]
[Result "1-0"]
[WhiteElo "2620"]
[BlackElo "2410"]
[PlyCount "99"]
[EventDate "1993.02.??"]
[Source "www.chesslib.no"]
[SourceDate "2004.05.04"]

1. d4 d5 2. c4 e6 3. Nc3 Nf6 4. Bg5 Be7 5. e3 h6 6. Bh4 O-O 7. Rc1 b6 8. Bxf6 Bxf6 9. cxd5 exd5 10. Nge2 c6 11. g3 Bf5 12. Bg2 Qd6 13. O-O Re8 14. Nf4 Nd7 15. Re1 Rac8 16. Bf1 b5 17. Bd3 Bxd3 18. Qxd3 Be7 19. Rc2 Nf6 20. Rec1 Qd7 21. Qf1 Bd6 22. Qh3 Bxf4 23. Qxd7 Nxd7 24. gxf4 Nb6 25. b3 Kf8 26. Nd1 Re6 27. Nb2 Nd7 28. Nd3 a5 29. Nc5 Rg6+ 30. Kf1 Ke7 31. Nb7 a4 32. bxa4 bxa4 33. Na5 c5 34. dxc5 Ra6 35. Nb7 Rc7 36. Nd6 Ra5 37. Rb1 Raxc5 38. Rxc5 Rxc5 39. Nf5+ Kf6 40. Nd4 g6 41. Rb7 Ke7 42. Ra7 Rc1+ 43. Kg2 Rc4 44. f5 gxf5 45. Nxf5+ Ke6 46. Nxh6 Ne5 47. Ra6+ Nc6 48. h4 d4 49. exd4 Kd5 50. Nf5 1-0

[Event "Polanica Zdroj"]
[Site "?"]
[Date "1987.??.??"]
[Round "?"]
[White "Garcia Gonzalez, G."]
[Black "Greenfeld, A."]
[Result "0-1"]
[WhiteElo "2510"]
[BlackElo "2520"]
[PlyCount "80"]
[EventDate "1987.??.??"]
[Source "ChessBase"]
[SourceDate "1987.07.01"]

1. d4 Nf6 2. c4 e6 3. Nc3 d5 4. Bg5 Be7 5. e3 h6 6. Bh4 O-O 7. Rc1 b6 8. Bxf6 Bxf6 9. cxd5 exd5 10. Be2 Bb7 11. Bf3 Na6 12. Nge2 c6 13. O-O Nc7 14. e4 Ne6 15. exd5 cxd5 16. Qb3 Bxd4 17. Bxd5 Bxd5 18. Nxd5 Nc5 19. Qc4 Bxb2 20. Rcd1 Rc8 21. Ng3 g6 22. Rfe1 Re8 23. Ne7+ Qxe7 24. Rxe7 Rxe7 25. h4 h5 26. Rd6 Kg7 27. Rd5 Rce8 28. Kh2 Ne4 29. f3 Nf6 30. Rd2 Be5 31. Kh3 Rc7 32. Qf1 Rc3 33. Ne2 Ra3 34. Nc1 Re3 35. Rd3 Bb8 36. Rxe3 Rxe3 37. g3 Ne4 38. Qg1 Rxf3 39. Qd4+ Kh7 40. Ne2 Nxg3 0-1

[Event "Hoogovens-B"]
[Site "Wijk aan Zee"]
[Date "1997.??.??"]
[Round "5"]
[White "Cifuentes Parada, Roberto"]
[Black "Van der Sterren, Paul"]
[Result "1-0"]
[WhiteElo "2515"]
[BlackElo "2515"]
[PlyCount "81"]
[EventDate "1997.01.21"]
[Source "ChessBase"]
[SourceDate "1997.04.10"]

1. c4 e6 2. Nc3 d5 3. d4 Nf6 4. Bg5 Be7 5. e3 O-O 6. Rc1 h6 7. Bh4 b6 8. cxd5 Nxd5 9. Nxd5 exd5 10. Bxe7 Qxe7 11. Bd3 c5 12. Ne2 Nd7 13. O-O c4 14. Bb1 Nf6 15. Nc3 Rb8 16. b3 b5 17. bxc4 bxc4 18. Re1 Qd6 19. f3 Rd8 20. Qc2 Rd7 21. Rcd1 Rdb7 22. Qc1 Rb2 23. Rd2 Qb4 24. e4 Rxd2 25. Qxd2 Be6 26. Bc2 Qa5 27. h3 g6 28. Kh2 Rb2 29. Rb1 Rxb1 30. Bxb1 h5 31. e5 Nd7 32. g4 hxg4 33. hxg4 Kf8 34. Kg3 g5 35. Bf5 Ke8 36. Qc2 Qb4 37. Bxe6 fxe6 38. Qg6+ Kd8 39. Qxg5+ Kc8 40. Qd2 Nb8 41. f4 1-0

[Event "Canada"]
[Site "Canada"]
[Date "1988.??.??"]
[Round "?"]
[White "Gurevich, Dmitry B"]
[Black "Ivanovic, Bozidar"]
[Result "1/2-1/2"]
[WhiteElo "2475"]
[BlackElo "2540"]
[PlyCount "155"]
[EventDate "1988.??.??"]
[Source "www.chesslib.no"]
[SourceDate "2004.05.04"]

1. d4 Nf6 2. c4 e6 3. Nc3 d5 4. Bg5 Be7 5. e3 O-O 6. Rc1 a6 7. c5 Nc6 8. f4 b6 9. cxb6 cxb6 10. Bd3 Bb7 11. Nf3 Rc8 12. O-O b5 13. Ne5 Nd7 14. Qh5 f5 15. Bxe7 Nxe7 16. Qe2 Nf6 17. Nb1 Qa5 18. a3 Rxc1 19. Rxc1 Rc8 20. Rxc8+ Bxc8 21. Nd2 Nd7 22. Nb3 Qd8 23. Qd2 Nxe5 24. dxe5 Qb6 25. Kf2 Kf8 26. g4 g6 27. gxf5 gxf5 28. Qe2 Ng6 29. Qh5 Qc7 30. Qh6+ Kg8 31. Qg5 Qe7 32. Qxe7 Nxe7 33. Ke1 Kf8 34. Kd2 Nc6 35. Kc3 Ke7 36. Nd4 Kd7 37. Nf3 h6 38. Be2 Kd8 39. Nd4 Kc7 40. Bh5 Bd7 41. Nc2 Kb6 42. b4 a5 43. Ne1 axb4+ 44. axb4 Nb8 45. Nd3 Na6 46. Bf7 Kc6 47. Kd4 Kb6 48. Kc3 Kc6 49. Ne1 Kc7 50. Nf3 Kd8 51. Nd4 Nc7 52. Nb3 Ke7 53. Bh5 Bc6 54. Be2 Be8 55. Nc5 Bc6 56. Bf1 Be8 57. Nb7 Bc6 58. Nd6 Bd7 59. Be2 Kf8 60. Bh5 Ke7 61. Bg6 Na6 62. h4 Nc7 63. Bh5 Na6 64. Be2 Nc7 65. Bf1 Kf8 66. Nb7 Ke7 67. Kd4 Be8 68. Be2 Bd7 69. Nd6 Na6 70. Kc3 Nc7 71. Bf1 Kf8 72. Kd4 Ke7 73. Bd3 Na6 74. Nxb5 Nxb4 75. Nc3 Kd8 76. Bb5 Nc2+ 77. Kd3 Nb4+ 78. Kd4 1/2-1/2

[Event "CCOL11 fin-02 9298"]
[Site "CCOL11 fin-02 9298"]
[Date "1992.??.??"]
[Round "?"]
[White "Muir, Andrew J"]
[Black "Rotariu, Gheorghe S"]
[Result "1/2-1/2"]
[WhiteElo "2595"]
[BlackElo "2410"]
[PlyCount "52"]
[EventDate "1992.??.??"]
[Source "www.chesslib.no"]
[SourceDate "2004.05.04"]

1. d4 d5 2. c4 e6 3. Nc3 Nf6 4. Bg5 Be7 5. e3 O-O 6. Rc1 h6 7. Bxf6 Bxf6 8. Nf3 Nc6 9. Be2 Ne7 10. O-O c6 11. b4 dxc4 12. Bxc4 Nd5 13. Qb3 Nxc3 14. Qxc3 a5 15. a3 axb4 16. axb4 Qb6 17. Ne5 Bxe5 18. dxe5 Rd8 19. Rfd1 Bd7 20. Rd6 Be8 21. Bd3 Qc7 22. Rd1 Rdc8 23. Qd4 c5 24. Qe4 g6 25. bxc5 Qxc5 26. Qxb7 Qxe5 1/2-1/2

[Event "RUS-Cup01 Chigorin mem"]
[Site "St Petersburg"]
[Date "1997.11.04"]
[Round "4"]
[White "Eingorn, Vereslav S"]
[Black "Faibisovich, Vadim Z"]
[Result "1/2-1/2"]
[WhiteElo "2590"]
[BlackElo "2410"]
[PlyCount "94"]
[EventDate "1997.11.01"]
[Source "www.chesslib.no"]
[SourceDate "2004.05.04"]

1. c4 e6 2. Nc3 d5 3. d4 Nf6 4. Bg5 Be7 5. e3 O-O 6. Rc1 h6 7. Bh4 b6 8. Bxf6 Bxf6 9. cxd5 exd5 10. Qf3 c6 11. Bd3 Na6 12. Nge2 Nc7 13. Nf4 Ne6 14. Nce2 Nxf4 15. Nxf4 Qd6 16. O-O Bb7 17. Nh5 Be7 18. Qg4 g6 19. Nf4 Bg5 20. h4 Bxf4 21. exf4 Rae8 22. h5 Kg7 23. Rfe1 Bc8 24. Qf3 Rxe1+ 25. Rxe1 Bd7 26. Re5 f6 27. Re1 g5 28. Bg6 gxf4 29. Qe2 Rd8 30. Qa6 Qb4 31. Rd1 c5 32. dxc5 Bg4 33. c6 Qe7 34. Rc1 f3 35. Qb7 Kf8 36. c7 Rc8 37. gxf3 Bh3 38. Kh2 Be6 39. Qc6 Qd7 40. Qc2 Qd6+ 41. Kg2 Qf4 42. Qc3 d4 43. Qc6 Qg5+ 44. Kf1 Qe5 45. Qe4 Ke7 46. Ke2 Qb5+ 47. Ke1 Qxb2 1/2-1/2

[Event "Espoo zt"]
[Site "Espoo"]
[Date "1989.??.??"]
[Round "?"]
[White "Yrjola, Jouni"]
[Black "Schussler, Harry"]
[Result "1/2-1/2"]
[WhiteElo "2460"]
[BlackElo "2540"]
[PlyCount "100"]
[EventDate "1989.07.??"]
[Source "ChessBase"]

1. d4 Nf6 2. c4 e6 3. Nc3 d5 4. Bg5 Be7 5. e3 h6 6. Bh4 O-O 7. Rc1 dxc4 8. Bxc4 c5 9. Nf3 cxd4 10. exd4 Nc6 11. O-O Nh5 12. Bxe7 Nxe7 13. Qb3 Nc6 14. Qb5 Nf6 15. d5 a6 16. Qc5 Qa5 17. Qxa5 Nxa5 18. Ne5 b5 19. Be2 exd5 20. Bf3 Be6 21. Rfd1 Rac8 22. b3 Rc7 23. Ne2 Rfc8 24. Rxc7 Rxc7 25. Nd4 Kf8 26. Nd3 Bc8 27. Nb4 Rc5 28. Kf1 g6 29. Ne2 Nc6 30. Nxc6 Rxc6 31. Bxd5 Nxd5 32. Rxd5 Rc2 33. Nd4 Rc1+ 34. Ke2 Bb7 35. Rd6 Ra1 36. g3 Rxa2+ 37. Ke3 Ke7 38. Rb6 Bd5 39. h4 h5 40. f3 Kd7 41. Kf4 Kc7 42. Rf6 b4 43. g4 Ra3 44. Kg5 Kd7 45. gxh5 gxh5 46. Rb6 Bxb3 47. Rxb4 Ra5+ 48. Kf6 Bd5 49. f4 Ra1 50. Nf5 Be6 1/2-1/2

[Event "Carlos Torre mem 14th"]
[Site "Merida"]
[Date "2001.12.18"]
[Round "5"]
[White "Graf, Alexander"]
[Black "Watanabe, Akira"]
[Result "1-0"]
[WhiteElo "2610"]
[BlackElo "2385"]
[PlyCount "65"]
[EventDate "2001.12.01"]
[Source "ChessBase"]
[SourceDate "2002.01.21"]

1. d4 d5 2. c4 e6 3. Nc3 Nf6 4. Bg5 Be7 5. e3 h6 6. Bh4 O-O 7. Rc1 Ne4 8. Bxe7 Qxe7 9. cxd5 Nxc3 10. bxc3 exd5 11. Qb3 c6 12. Ne2 Nd7 13. Nf4 Nf6 14. Bd3 Ne4 15. c4 dxc4 16. Bxc4 Qf6 17. Qb2 Nd6 18. Bb3 Re8 19. O-O Bf5 20. Nh5 Qg5 21. Ng3 Be6 22. Bc2 Qf6 23. Bd3 Rad8 24. Rfe1 Re7 25. a4 Bf5 26. e4 Rde8 27. f3 Bg6 28. Qf2 Qe6 29. f4 f5 30. e5 Nf7 31. Bc4 Qc8 32. d5 cxd5 33. Bb5 1-0

[Event "Lee Cup"]
[Site "Beijing CHN"]
[Date "1995.??.??"]
[Round "1"]
[White "Li Wenliang"]
[Black "Boensch, Uwe"]
[Result "1/2-1/2"]
[WhiteElo "2435"]
[BlackElo "2550"]
[PlyCount "59"]
[EventDate "1995.08.??"]
[Source "www.chesslib.no"]
[SourceDate "2004.05.04"]

1. d4 Nf6 2. c4 e6 3. Nc3 d5 4. Bg5 Be7 5. e3 h6 6. Bh4 O-O 7. Rc1 dxc4 8. Bxc4 c5 9. Nf3 cxd4 10. Nxd4 Bd7 11. O-O Nc6 12. Nf3 Nh5 13. Bxe7 Qxe7 14. Ne4 Rfd8 15. Qd6 Be8 16. Qxe7 Nxe7 17. Nd4 Nc6 18. Nb3 Nf6 19. Nxf6+ gxf6 20. Be2 Rac8 21. Rfd1 Kf8 22. Rxd8 Rxd8 23. Kf1 f5 24. f4 b6 25. a3 Ne7 26. Kf2 Rc8 27. Rxc8 Nxc8 28. Nd4 Nd6 29. Bd3 Ke7 30. h3 1/2-1/2

[Event "E0225, DESC"]
[Site "?"]
[Date "1999.??.??"]
[Round "?"]
[White "Riepe, Bernhard"]
[Black "Baas, Holger"]
[Result "1-0"]
[WhiteElo "2480"]
[BlackElo "2505"]
[PlyCount "33"]
[EventDate "1999.??.??"]
[Source "www.chesslib.no"]
[SourceDate "2004.05.04"]

1. d4 d5 2. c4 e6 3. Nc3 Nf6 4. Bg5 Be7 5. e3 O-O 6. Rc1 h6 7. Bh4 b6 8. cxd5 Nxd5 9. Nxd5 exd5 10. Bxe7 Qxe7 11. Bd3 Rd8 12. Nf3 Bg4 13. Qc2 Bxf3 14. gxf3 c6 15. Rg1 Qf6 16. Rg3 Qxd4 17. exd4 1-0

[Event "Altensteig"]
[Site "Altensteig"]
[Date "1991.??.??"]
[Round "10"]
[White "Schmittdiel, Eckhard"]
[Black "Van der Sterren, Paul"]
[Result "0-1"]
[WhiteElo "2490"]
[BlackElo "2485"]
[PlyCount "72"]
[EventDate "1991.07.??"]
[Source "ChessBase"]

1. c4 e6 2. Nc3 d5 3. d4 Nf6 4. Bg5 Be7 5. e3 O-O 6. Rc1 h6 7. Bh4 c5 8. dxc5 dxc4 9. Qc2 Nd5 10. Bxe7 Qxe7 11. Bxc4 Nxe3 12. Qe4 Nxc4 13. Qxc4 b6 14. cxb6 axb6 15. Nge2 Ba6 16. Qe4 Nd7 17. O-O Nc5 18. Qe3 Rfd8 19. Rfd1 Qg5 20. f4 Qg6 21. b4 Nd3 22. Rb1 Bb7 23. Qg3 Qf5 24. Rd2 Nxb4 25. Rxd8+ Rxd8 26. Qf2 Qxb1+ 27. Nxb1 Rd1+ 28. Qf1 Rxf1+ 29. Kxf1 Nxa2 30. Kf2 Nb4 31. Nbc3 Nd5 32. g3 Nxc3 33. Nxc3 Kf8 34. Ke3 Ke7 35. Na4 b5 36. Nc5 Bd5 0-1

[Event "Gausdal zt"]
[Site "Gausdal"]
[Date "1985.??.??"]
[Round "?"]
[White "Larsen, Bent"]
[Black "Schussler, Harry"]
[Result "1/2-1/2"]
[WhiteElo "2520"]
[BlackElo "2455"]
[PlyCount "145"]
[EventDate "1985.01.??"]
[Source "ChessBase"]

1. c4 e6 2. Nc3 d5 3. d4 Nf6 4. Bg5 Be7 5. e3 h6 6. Bh4 O-O 7. Rc1 b6 8. cxd5 Nxd5 9. Bxe7 Qxe7 10. Nxd5 exd5 11. Ne2 Be6 12. Nf4 Qd6 13. g3 Nd7 14. Bg2 Nf6 15. O-O c6 16. a3 Rfc8 17. b4 a5 18. Qb3 axb4 19. axb4 c5 20. bxc5 bxc5 21. dxc5 Rxc5 22. Rxc5 Qxc5 23. Qb2 Rc8 24. h3 Qc3 25. Qb7 Qc7 26. Qa6 Qc6 27. Qa1 Qc3 28. g4 Qxa1 29. Rxa1 g5 30. Ne2 h5 31. f3 hxg4 32. hxg4 Kf8 33. Ra3 Nd7 34. Nd4 Ne5 35. Ra6 Ke7 36. Bf1 Bd7 37. Ra5 Be6 38. Ra7+ Kf6 39. Ra6 Ke7 40. Be2 Rc3 41. Kf2 Nd3+ 42. Bxd3 Rxd3 43. Ke2 Rc3 44. Ra8 Rc1 45. Rg8 Kf6 46. Ra8 Rh1 47. Ra7 Rh2+ 48. Kd3 Rf2 49. Ra1 Rh2 50. Kc3 Rh8 51. Ra6 Ke7 52. Nc6+ Kf6 53. Kd3 Rh3 54. Nd4 Ke7 55. Ra8 Rh1 56. Rg8 f6 57. Ra8 Bd7 58. Ra5 Kd6 59. Ra6+ Ke7 60. Ra5 Kd6 61. Ra8 Ke7 62. Kd2 Rh2+ 63. Ke1 Rh1+ 64. Kf2 Rh2+ 65. Kg3 Rb2 66. Rh8 Ra2 67. Rh7+ Ke8 68. Rh8+ Ke7 69. Rb8 Kd6 70. Rb6+ Ke7 71. Nf5+ Bxf5 72. gxf5 Ra3 73. Re6+ 1/2-1/2

[Event "Vrnjacka Banja"]
[Site "Vrnjacka Banja"]
[Date "1991.??.??"]
[Round "10"]
[White "Huzman, Alexander"]
[Black "Simic, Radoslav"]
[Result "1/2-1/2"]
[WhiteElo "2475"]
[BlackElo "2485"]
[PlyCount "51"]
[EventDate "1991.04.??"]
[Source "ChessBase"]

1. d4 Nf6 2. c4 e6 3. Nc3 d5 4. Bg5 Be7 5. e3 h6 6. Bh4 O-O 7. Rc1 Ne4 8. Bxe7 Qxe7 9. cxd5 Nxc3 10. Rxc3 exd5 11. Bd3 c6 12. Ne2 Be6 13. Qb3 Rc8 14. Bb1 Rc7 15. Qc2 g6 16. Nf4 Qf6 17. b4 Nd7 18. Qb3 Nb6 19. Bd3 Bf5 20. Be2 g5 21. Nh5 Qe7 22. h4 gxh4 23. Nf4 Qg5 24. Kf1 a6 25. Qd1 Re7 26. a4 1/2-1/2

[Event "Nis Open"]
[Site "Nis YUG"]
[Date "1993.??.??"]
[Round "?"]
[White "Damljanovic, Branko"]
[Black "Vasiljevic, Dragan"]
[Result "1-0"]
[WhiteElo "2550"]
[BlackElo "2405"]
[PlyCount "71"]
[EventDate "1993.12.??"]
[Source "www.chesslib.no"]
[SourceDate "2004.05.04"]

1. d4 Nf6 2. c4 e6 3. Nc3 d5 4. Bg5 Be7 5. e3 O-O 6. Rc1 Ne4 7. Bxe7 Qxe7 8. cxd5 Nxc3 9. Rxc3 exd5 10. Bd3 c6 11. Qc2 g6 12. Nf3 Nd7 13. O-O Nf6 14. Rb1 a5 15. b3 Ne8 16. a3 Nd6 17. b4 axb4 18. axb4 Bf5 19. Bxf5 gxf5 20. Rcb3 Rfe8 21. Ne5 f6 22. Nd3 Nb5 23. Qd1 Qg7 24. Nf4 Kh8 25. Qd3 Qd7 26. Qd1 Qg7 27. h3 Re4 28. Rd3 Ree8 29. Ra1 Qf7 30. Qb1 Qe7 31. Ra5 Rxa5 32. bxa5 Nd6 33. Qb6 Ne4 34. Qa7 Qb4 35. a6 bxa6 36. Rd1 1-0

[Event "URS Ch sf"]
[Site "Sevastopol UKR"]
[Date "1986.??.??"]
[Round "?"]
[White "Kharitonov, Andrei Y"]
[Black "Pigusov, Evgeny A"]
[Result "1-0"]
[WhiteElo "2460"]
[BlackElo "2495"]
[PlyCount "87"]
[EventDate "1986.08.??"]
[Source "www.chesslib.no"]
[SourceDate "2004.05.04"]

1. d4 d5 2. c4 e6 3. Nc3 Nf6 4. Bg5 Be7 5. e3 h6 6. Bh4 O-O 7. Rc1 b6 8. Bxf6 Bxf6 9. cxd5 exd5 10. g3 c6 11. Bg2 Na6 12. Nge2 Nc7 13. O-O Ba6 14. Qc2 Qe7 15. Rfd1 Rfd8 16. Nf4 Ne8 17. Nh5 Nd6 18. Qa4 Bb7 19. Nxf6+ Qxf6 20. Ne2 Ne4 21. Nf4 Nxf2 22. Kxf2 g5 23. Re1 Re8 24. Kg1 gxf4 25. exf4 Rxe1+ 26. Rxe1 Qd6 27. Re5 c5 28. h3 Bc6 29. Qa3 Kg7 30. Qe3 Rd8 31. Kh2 Kf8 32. f5 Kg7 33. Qf4 cxd4 34. f6+ Qxf6 35. Rf5 Qe7 36. Qxd4+ Kg8 37. Qg4+ Kf8 38. Qg6 Bd7 39. Qxh6+ Ke8 40. Rxd5 Qf8 41. Qd2 Qe7 42. Qd4 f6 43. Rh5 Qf7 44. Qe4+ 1-0

[Event "Bern Open"]
[Site "Bern SUI"]
[Date "1993.??.??"]
[Round "3"]
[White "Lerner, Konstantin Z"]
[Black "Blees, Albert"]
[Result "1-0"]
[WhiteElo "2530"]
[BlackElo "2405"]
[PlyCount "71"]
[EventDate "1993.02.??"]
[Source "www.chesslib.no"]
[SourceDate "2004.05.04"]

1. c4 e6 2. Nc3 d5 3. d4 Nf6 4. Bg5 Be7 5. e3 h6 6. Bh4 O-O 7. Rc1 b6 8. Bxf6 Bxf6 9. cxd5 exd5 10. Qf3 c6 11. Bd3 Na6 12. Nge2 Nc7 13. O-O Ne6 14. b4 a6 15. a4 Be7 16. b5 Ng5 17. Qh5 cxb5 18. h4 g6 19. Bxg6 fxg6 20. Qxg6+ Kh8 21. hxg5 Bxg5 22. f4 Bf5 23. Qh5 Be7 24. Ng3 Bh7 25. Nxd5 Bd6 26. Qxh6 Ra7 27. Rc6 Ba3 28. Nf6 Rg7 29. Ngh5 Rgf7 30. Ng4 Kg8 31. Nhf6+ Kh8 32. Rf3 bxa4 33. Rh3 Qe7 34. Re6 Qc7 35. Ne5 Rg7 36. Ng6+ 1-0

[Event "Sao Paulo (zt)"]
[Site "?"]
[Date "1989.??.??"]
[Round "?"]
[White "Tempone, Marcelo"]
[Black "Campora, Daniel Hugo"]
[Result "1/2-1/2"]
[WhiteElo "2440"]
[BlackElo "2495"]
[PlyCount "121"]
[EventDate "1989.??.??"]
[Source "ChessBase"]
[SourceDate "1989.07.01"]

1. d4 d5 2. c4 e6 3. Nc3 Nf6 4. Bg5 Be7 5. e3 h6 6. Bh4 O-O 7. Rc1 b6 8. cxd5 exd5 9. Bxf6 Bxf6 10. Qf3 Be6 11. Bd3 c5 12. Nge2 Nc6 13. Bb5 Ne7 14. O-O a6 15. Ba4 Rc8 16. dxc5 bxc5 17. Nf4 Qb6 18. Nxe6 fxe6 19. Qg4 Rfd8 20. Ne2 c4 21. Nf4 Rd6 22. b3 c3 23. Rfd1 Kf7 24. Rc2 g6 25. Nd3 h5 26. Qf4 Nf5 27. b4 Kg7 28. g3 a5 29. bxa5 Qxa5 30. Bb3 Qc7 31. h4 Rb6 32. Qf3 Qb7 33. Nf4 Rd8 34. Qe2 Rbd6 35. Qf3 Qd7 36. Rcc1 Kh6 37. Qe2 Qa7 38. Kh2 Kh7 39. Bc2 Kg7 40. Rb1 Be5 41. Nd3 Bf6 42. Nf4 Qf7 43. e4 dxe4 44. Rxd6 Nxd6 45. Bxe4 e5 46. Bd5 exf4 47. Bxf7 fxg3+ 48. fxg3 Nxf7 49. Kh3 Rd7 50. Qf3 g5 51. Qxh5 c2 52. Rf1 Bb2 53. Rxf7+ Rxf7 54. Qxg5+ Kh7 55. Qh5+ Kg7 56. Qg4+ Kh6 57. Qg5+ Kh7 58. Qh5+ Kg7 59. Qg4+ Kh6 60. Qg5+ Kh7 61. Qh5+ 1/2-1/2

[Event "San Bernardino Open"]
[Site "San Bernardino"]
[Date "1994.??.??"]
[Round "?"]
[White "Barbero, Gerardo F"]
[Black "Kelecevic, Nedeljko"]
[Result "1-0"]
[WhiteElo "2480"]
[BlackElo "2455"]
[PlyCount "77"]
[EventDate "1994.??.??"]
[Source "www.chesslib.no"]
[SourceDate "2004.05.04"]

1. d4 Nf6 2. c4 e6 3. Nc3 d5 4. Bg5 Be7 5. e3 O-O 6. Rc1 Nbd7 7. cxd5 exd5 8. Bd3 Re8 9. Nge2 c6 10. O-O Nh5 11. Bxe7 Qxe7 12. a3 Qh4 13. Qd2 Nhf6 14. Ng3 Nf8 15. f3 Qg5 16. Rfe1 h5 17. Qf2 h4 18. Nf1 Ne6 19. Rcd1 Bd7 20. Kh1 Rad8 21. b4 g6 22. Bb1 Bc8 23. Na4 Ng7 24. Nc5 Nfh5 25. e4 b5 26. Nd3 dxe4 27. fxe4 Re6 28. Ne5 Rf6 29. Nf3 Bg4 30. N1d2 Rf4 31. Rc1 Qh6 32. Rxc6 Ne6 33. Qe3 Bxf3 34. Nxf3 Ng5 35. Nxg5 Qxg5 36. Kg1 Nf6 37. e5 Ng4 38. Qb3 Rfxd4 39. Rxg6+ 1-0

[Event "EUCup Gr1"]
[Site "Eupen"]
[Date "1994.??.??"]
[Round "1"]
[White "Bischoff, Klaus"]
[Black "Lyrberg, Patrik"]
[Result "1-0"]
[WhiteElo "2525"]
[BlackElo "2405"]
[PlyCount "67"]
[EventDate "1994.??.??"]
[Source "ChessBase"]

1. c4 Nf6 2. Nc3 e6 3. d4 d5 4. Bg5 Be7 5. e3 O-O 6. Rc1 h6 7. Bh4 Ne4 8. Bxe7 Qxe7 9. cxd5 Nxc3 10. Rxc3 exd5 11. Bd3 c6 12. Ne2 Bg4 13. f3 Bh5 14. Qb1 Nd7 15. Bh7+ Kh8 16. Bf5 Nf6 17. g4 g6 18. Bc2 Bxg4 19. fxg4 Nxg4 20. Kd2 c5 21. Qg1 cxd4 22. Nxd4 Ne5 23. Qg3 Rac8 24. Bb3 Nc6 25. Qf4 Kh7 26. Rhc1 Rcd8 27. Rxc6 bxc6 28. Nxc6 Qe6 29. Nxd8 Rxd8 30. Rc7 Kg8 31. Rb7 g5 32. Qc7 Re8 33. Qg3 Qc6 34. Rb8 1-0

[Event "ISR-chT"]
[Site "Israel"]
[Date "1996.??.??"]
[Round "4"]
[White "Huzman, Alexander"]
[Black "Ravia, Mosi"]
[Result "1-0"]
[WhiteElo "2570"]
[BlackElo "2330"]
[PlyCount "79"]
[EventDate "1996.??.??"]
[Source "ChessBase"]

1. d4 Nf6 2. c4 e6 3. Nc3 d5 4. Bg5 Be7 5. e3 h6 6. Bh4 O-O 7. Rc1 c6 8. Nf3 Ne4 9. Bxe7 Qxe7 10. Qc2 Nxc3 11. Qxc3 dxc4 12. Bxc4 b6 13. Ne5 Bb7 14. Be2 Rc8 15. O-O Nd7 16. Nxd7 Qxd7 17. b4 a5 18. a3 axb4 19. axb4 Qd5 20. Bf3 Qb5 21. Rb1 Ra2 22. Rfc1 Ba6 23. Qb3 Rd2 24. Qa3 Rc7 25. Ra1 Bc8 26. Qc3 Qd3 27. Qxd3 Rxd3 28. b5 Kf8 29. h4 Ke7 30. Rxc6 Rxc6 31. Bxc6 e5 32. Ra7+ Kf6 33. dxe5+ Kxe5 34. Rxf7 Rd1+ 35. Kh2 g5 36. f4+ gxf4 37. exf4+ Kd4 38. Rf8 Bg4 39. Kg3 h5 40. Rd8+ 1-0

[Event "ROM Ch"]
[Site "Predeal"]
[Date "1988.??.??"]
[Round "17"]
[White "Dumitrache, Dragos"]
[Black "Stefanov, Parik"]
[Result "1/2-1/2"]
[WhiteElo "2405"]
[BlackElo "2495"]
[PlyCount "41"]
[EventDate "1988.??.??"]
[Source "www.chesslib.no"]
[SourceDate "2004.05.04"]

1. d4 Nf6 2. c4 e6 3. Nc3 d5 4. Bg5 Be7 5. e3 h6 6. Bh4 O-O 7. Rc1 b6 8. cxd5 exd5 9. Bxf6 Bxf6 10. Qf3 c6 11. Bd3 Ba6 12. Bxa6 Nxa6 13. Nge2 Nc7 14. O-O Ne6 15. Rfd1 Re8 16. Qf5 Rc8 17. Qb1 Be7 18. b4 b5 19. a3 Bd6 20. Rc2 f5 21. g3 1/2-1/2

[Event "05.OIBayEM Bad Wiessee op"]
[Site "?"]
[Date "2001.10.31"]
[Round "5"]
[White "Eingorn Vereslav"]
[Black "Hamm Stefan"]
[Result "1-0"]
[WhiteElo "2601"]
[BlackElo "2274"]
[PlyCount "73"]
[EventDate "2001.??.??"]
[Source "www.chesslib.no"]
[SourceDate "2004.05.04"]

1. c4 e6 2. Nc3 d5 3. d4 Nf6 4. Bg5 Be7 5. e3 h6 6. Bh4 O-O 7. Rc1 b6 8. Bxf6 Bxf6 9. cxd5 exd5 10. Qf3 c6 11. Bd3 Na6 12. Nge2 Nc7 13. O-O Ba6 14. Bxa6 Nxa6 15. Nf4 Nc7 16. Nd3 Qd6 17. Qg3 Rad8 18. Qxd6 Rxd6 19. Rc2 Ne6 20. b4 Be7 21. Rfc1 f5 22. Ne2 Nd8 23. Ne5 Rff6 24. b5 cxb5 25. Rc7 Bf8 26. Rxa7 Nc6 27. Ra8 b4 28. Nf4 g5 29. Nh5 Rfe6 30. f4 Nxe5 31. fxe5 Rc6 32. Rf1 Re7 33. Rxf5 Rf7 34. Nf6+ Kg7 35. g4 Rc1+ 36. Kg2 Rc2+ 37. Kg3 1-0

[Event "Hoogovens-B"]
[Site "Wijk aan Zee NED"]
[Date "1973.01.??"]
[Round "12"]
[White "Gerusel, Mathias"]
[Black "Ghitescu, Theodor"]
[Result "1-0"]
[WhiteElo "2415"]
[BlackElo "2455"]
[PlyCount "135"]
[EventDate "1973.01.??"]
[Source "www.chesslib.no"]
[SourceDate "2004.05.04"]

1. d4 Nf6 2. c4 e6 3. Nc3 d5 4. Bg5 Be7 5. e3 O-O 6. Rc1 Nbd7 7. cxd5 exd5 8. Nf3 c6 9. Bd3 Re8 10. O-O Nf8 11. Qc2 Bg4 12. Ne5 Be6 13. a3 Ng4 14. Bxe7 Qxe7 15. Nf3 Ng6 16. h3 Nf6 17. b4 Nd7 18. Na4 Qf6 19. Kh2 a6 20. Nc5 Nxc5 21. Qxc5 Bf5 22. Bxf5 Qxf5 23. a4 Qd7 24. Qb6 Rec8 25. Rc2 f6 26. Rfc1 Ne7 27. Kg1 Rc7 28. b5 axb5 29. axb5 Qd8 30. bxc6 bxc6 31. Ne1 Rca7 32. Qxd8+ Rxd8 33. Rb2 Rda8 34. Nd3 Ra1 35. Rxa1 Rxa1+ 36. Kh2 Ra3 37. Nc5 Ra7 38. g4 Kf7 39. Kg3 Nc8 40. Rb8 Ne7 41. Nb7 Ke6 42. h4 h6 43. Nc5+ Kf7 44. Rd8 Rc7 45. Ra8 Nc8 46. Na6 Ra7 47. Rxc8 Rxa6 48. Rc7+ Kg6 49. h5+ Kh7 50. Kf3 Rb6 51. Kg2 Ra6 52. Kg3 Rb6 53. f3 Ra6 54. Kf4 Rb6 55. Rc8 Ra6 56. Rc7 Rb6 57. e4 Rb4 58. Rxc6 Rxd4 59. Ke3 Rd1 60. Ke2 Rd4 61. Rd6 Kg8 62. exd5 Kf8 63. Rd7 f5 64. Ke3 Ra4 65. gxf5 Rh4 66. d6 Rxh5 67. Rd8+ Kf7 68. Rh8 1-0